| Record ID | marc_loc_2016/BooksAll.2016.part25.utf8:157444664:739 |
| Source | Library of Congress |
| Download Link | /show-records/marc_loc_2016/BooksAll.2016.part25.utf8:157444664:739?format=raw |
LEADER: 00739nam a2200241 a 4500
001 96143307
003 DLC
005 19960925113039.6
008 960501s1994 ncu r 001 0 eng d
010 $a 96143307
035 $a(OCoLC)31422801
040 $aNcDur$cNcDur$dT$dDLC
042 $alccopycat
043 $an-us-nc
050 00 $aF262.T9$bB763 1994
082 00 $a929/.3756172$220
100 1 $aBradley, Stephen E.
245 10 $aTyrrell County, North Carolina wills, 1812-1900 /$cabstracted by Stephen E. Bradley, Jr.
260 $aVirginia Beach, Va. :$bS.E. Bradley,$cc1994.
300 $a92 p. ;$c28 cm.
500 $aIncludes indexes.
651 0 $aTyrrell County (N.C.)$xGenealogy.
650 0 $aWills$zNorth Carolina$zTyrrell County.